| 000 | 00449nam a2200181Ia 4500 | ||
|---|---|---|---|
| 008 | 230524s9999 xx 000 0 und d | ||
| 020 | _a9780070582811 | ||
| 082 |
_a5.453 _bHON |
||
| 100 | _aAlex Homer | ||
| 245 | 0 | _aASP 3.0 (Professional Active Server Pages 3.0) | |
| 250 | _a1ST | ||
| 260 |
_aMUMBAI _bShroff _c2005 |
||
| 300 | _aXXIII;1235 | ||
| 500 | _aQuantity Number: 2 | ||
| 650 | _aComp-Sc | ||
| 700 | _a David Sussman | ||
| 942 | _cBK | ||
| 999 |
_c31325 _d31325 |
||